• 首页
  • 本馆介绍
  • 公告通知
  • 最新文献
  • 馆藏检索
  • 电子资源
  • 读者导购
  • 参考咨询
  • 我的图书馆
  • 登录
  • 详细信息显示
  • 放入我的书架
  • 预约/预借图书
  • 作者相关作品
  • 分类相关作品
  • 丛书相关作品
  • 出版社相关作品

书目信息

  • 表格格式
  • 工作单格式
  • 卡片格式
题名:
销售口才训练课
    
 
作者: 朱坤福 著
分册:  
出版信息: 北京   中国财富出版社  2021.04
页数: 210页
开本: 24cm
丛书名:
单 册:
中图分类: F713.3 , H019
科图分类:
主题词: 销售--xiao shou--口才学
电子资源:
ISBN: 978-7-5047-7047-9
000 01100nam0 2200253 450
001 CAL 0120217179225
005 20230217093112.0
010    @a978-7-5047-7047-9@dCNY59.00
100    @a20210524d2021 em y0chiy0120 ea
101 0  @achi
102    @aCN@b110000
105    @ay z 000yy
106    @ar
200 1  @a销售口才训练课@Axiao shou kou cai xun lian ke@f朱坤福著
210    @a北京@c中国财富出版社@d2021.04
215    @a210页@d24cm
314    @a朱坤福, 山东朱氏药业集团创始人、董事局主席等职。
330    @a本书是一本针对销售人员的口才训练的书籍, 对销售人员接待客户的流程进行了规范, 依次划分为迎接客户进店、挖据客户需求、激发客户兴趣、化解客户异议、应对客户拒绝、达成交易、做好售后服务等几个步骤, 并按这些步骤划分章节。每个销售情景均以客户需求为出发点, 以销售人员的沟通技能为线索, 按实战片段、话术避雷区、行家如是说、销冠特训营四个模块对销售人员所应具备的基本技能、专业素养、应答技巧予以说明。
606 0  @a销售@Axiao shou@x口才学
690    @aF713.3@v5
690    @aH019@v5
701  0 @a朱坤福@Azhu kun fu@4著
801  0 @aCN@bBJXHZP@c20230228
905    @b1380095-8@dF713.3@e1295@f4
    
    销售口才训练课/朱坤福著.-北京:中国财富出版社,2021.04
    210页;24cm
    
    
    ISBN 978-7-5047-7047-9:CNY59.00
    本书是一本针对销售人员的口才训练的书籍, 对销售人员接待客户的流程进行了规范, 依次划分为迎接客户进店、挖据客户需求、激发客户兴趣、化解客户异议、应对客户拒绝、达成交易、做好售后服务等几个步骤, 并按这些步骤划分章节。每个销售情景均以客户需求为出发点, 以销售人员的沟通技能为线索, 按实战片段、话术避雷区、行家如是说、销冠特训营四个模块对销售人员所应具备的基本技能、专业素养、应答技巧予以说明。
●
相关链接 在E读中查询图书 在五车中查询图书 在当当中查询图书 在豆瓣中查询图书


正题名:销售口才训练课     索取号:F713.3/1295         预约/预借

序号 登录号 条形码 馆藏地/架位号 状态 备注
1 1380095   213800957   第一样本阅览室/ [索取号:F713.3/1295] 在馆    
2 1380096   213800966   第一借阅区/ [索取号:F713.3/1295] 在馆    
3 1380097   213800975   第一借阅区/ [索取号:F713.3/1295] 在馆    
4 1380098   213800984   第一借阅区/ [索取号:F713.3/1295] 在馆    
唐山师范学院图书馆 欢迎您!
大连网信软件有限公司© 版权所有